000
00264nam a2200109Ia 4500
008
151213s9999 xx 000 0 und d
245
_a
Enterprise Reform in China
260
_a
New Yeork
_b
World Bank
_c
1999
300
_a
2038 p.
650
_a
Reference
999
_c
1495
_d
1495